| 000 | 00393nam a2200169Ia 4500 | ||
|---|---|---|---|
| 005 | 20250423101533.0 | ||
| 008 | 250422s9999 xx 000 0 und d | ||
| 020 | _a0-312-15673-1 | ||
| 050 | _aPS 3563.12715 .T56/ | ||
| 100 | _aMichaels, Grant | ||
| 245 | 0 | _aTime to check out | |
| 260 | _aNew York | ||
| 260 | _bSt. Martin’s Press | ||
| 260 | _c1996 | ||
| 300 | _a242 p | ||
| 942 | _cBK | ||
| 999 |
_c36577 _d36577 |
||